| 000 | 00865nas a2200301 4500 | ||
|---|---|---|---|
| 001 | BR9206657 | ||
| 003 | BR-BrBNA | ||
| 005 | 20231205092942.0 | ||
| 007 | ta | ||
| 008 | 230509b bl.|||p| |||| 00| 00por d | ||
| 040 |
_aBR-BrBNA _bpor _cBiblioteca Nacional de Agricultura |
||
| 041 | _a(Pt) | ||
| 072 | _aH60 | ||
| 100 | 1 | _aCheng, S.S. | |
| 100 | 1 | _aCorrea, M.V. | |
| 100 | 1 | _aNishimura, J. | |
| 100 | 1 | _aNakahara, K. | |
| 100 | 1 | _aAlesse, A.A. | |
| 245 | 1 | _aEfeito de alguns herbicidas no controle de ervas daninhas na cultura da batata (Solanum tuberosum L.) | |
| 650 | _aBATATA | ||
| 650 | _aERVA DANINHA | ||
| 650 | _aHERBICIDA | ||
| 650 | _aCONTROLE QUIMICO | ||
| 650 | _aADUBACAO | ||
| 773 | 0 |
_tRevista de Olericultura (Brazil) _x _g(1976), (no. 16) p. 60-63 _wBR9206657 |
|
| 909 |
_a202311 _bLúcia _c55 _dLúcia Elande |
||
| 942 |
_2AGRIS _n0 _cANA |
||
| 999 |
_c135340 _d135340 |
||